| 000 | 00981nam a2200265Ia 4500 | ||
|---|---|---|---|
| 001 | Z_6440 | ||
| 008 | 220601s9999 xx 000 0 und d | ||
| 020 | _a13: 978-968-18-5305-1 | ||
| 082 | _a575.1 G37 2008 | ||
| 100 |
_aGardner, Eldon John _946847 |
||
| 240 | _aPrinciples of genetics | ||
| 245 | _aPrincipios de genética / Eldon John Gardner, Nichael J. Simmons y D. Peter Snustad; traducción Angélica Santana Calderón. | ||
| 250 | _a4a ed. | ||
| 260 | _aMéxico : Limusa Wiley | ||
| 300 | _axviii, 732 p. | ||
| 500 | _aTraducción de la obra en inglés: Principles of genetics de la 4a ed. Reimpresión de 2008 (6.4) | ||
| 503 | _aIncluye bibligrafía e índice | ||
| 650 | _a1. Genética | ||
| 700 |
_aSimmons, Michael J. coaut. \ Snustad, D. Peter, coaut. \ Santana Calderón, Angélica, tr.Ì _9180843 |
||
| 901 | _a575.1 G37 2008 | ||
| 902 | _aM | ||
| 905 | _a5232272008 mx adn 8221113311spa16 | ||
| 942 | _c1 | ||
| 999 |
_c217135 _d217135 |
||